Every Contestant in the Beta Squad's "Guess the" Series - Statistics

General Stats
  • This quiz has been taken 202 times
    32 since last reset
  • The average score is 5 of 88
Answer Stats
Hint Answer % Correct
Police Officer Bradley
73%
Musician MC Hammersmith
20%
Black Person John
17%
Millionaire Jonny
17%
Singer 2 Drew
13%
Celebrity Lil Wayne
13%
Comedian Samuel White
13%
Black Person Tyrone Smith
13%
Celebrity Lily Allen
10%
Police Officer Matt
10%
Police Officer (USA) Matt
10%
Comedian Peter Flanagan
10%
Virgin Sophie
10%
Celebrity Wayne Lineker
10%
Black Person 2 William
10%
Police Officer Alfie Black
7%
Celebrity Andy Murray
7%
White Person Danny
7%
Singer Deighalex
7%
Police Officer Domenico
7%
Comedian Gabriel
7%
Rapper Gemin1
7%
Convict Jimmy B
7%
Virgin Johnathan
7%
Virgin Josh
7%
White Person Sarah
7%
Comedian Tyson Bradley
7%
Virgin William
7%
Comedian Yade Joba
7%
Police Officer Adil Malik
3%
Police Officer (USA) Afo
3%
Black Person 2 Alesha
3%
Rapper Best One
3%
Virgin Bobbie
3%
Footballer Cameron
3%
Celebrity Cheska Hull
3%
Footballer Chris Mann
3%
Musician Dylan
3%
White Person Dylan
3%
Singer Evalina
3%
Singer 2 Fabio
3%
Celebrity Gavin Davidson
3%
Comedian Guy Flores
3%
Singer Henny
3%
Singer 2 Hex
3%
Black Person 2 Jamal Williams
3%
Police Officer (USA) Jason
3%
Black Person Jay
3%
Singer 2 Jeff
3%
Millionaire Lak
3%
Millionaire Lewis
3%
Rapper Manik MC
3%
Virgin Marcella
3%
Millionaire Marco
3%
Black Person Marcus
3%
Singer Marcus
3%
Singer 2 Mnelia
3%
Musician Montana
3%
Footballer Naomi
3%
White Person Niall
3%
Millionaire Nicole
3%
Singer Owen
3%
Rapper Papa
3%
Footballer Pavell
3%
Millionaire Rebecca
3%
White Person Ryan
3%
Convict Sam
3%
Convict Stephen
3%
Convict Susan
3%
Police Officer Taise
3%
Musician The Halfway Kid
3%
Musician Tommo
3%
Convict Tony
3%
Police Officer (USA) Tracey
3%
Rapper Tricks
3%
Rapper Trouble
3%
Police Officer (USA) Tyrique
3%
Musician Alice
0%
Black Person 2 Anthony
0%
Convict Carol
0%
Black Person Emerik
0%
White Person June
0%
Black Person 2 Leah
0%
Footballer Leslie
0%
Singer Luca
0%
Black Person Paulo
0%
Black Person 2 Ricky
0%
Police Officer (USA) Scott
0%
No matching quizzes found
Score Distribution
Percent of People with Each Score
Percentile by Number Answered
Your Score History
You have not taken this quiz since the last reset